| 000 | 01214nam a2200253Ia 4500 | ||
|---|---|---|---|
| 001 | 19843 | ||
| 003 | GE_BSU | ||
| 008 | 181216s||||||||xx |||||||||||||| ||und|| | ||
| 040 | _cGE_BSU | ||
| 080 | _a02(042.4) | ||
| 245 | _aინფორმაციული წიგნიერება: ბიბლიოთეკათმცოდნეობა და საინფორმაციო ტექნოლოგიები. სალექციო კურსი | ||
| 245 | _cრედ. ა. ლორია. | ||
| 250 | _aილია ჭავჭავაძის სახ. უნ-ტი | ||
| 260 | _aთბილისი | ||
| 260 | _bილია ჭავჭავაძის სახ. უნ-ტის გამ-ბა | ||
| 260 | _c2009 | ||
| 300 | _a96გვ. | ||
| 541 | _h4ლ. 40თ. | ||
| 653 | _aბიბლიოთეკარი | ||
| 653 | _aინფორმაციული წიგნიერება: ბიბლიოთეკათმცოდნეობა და საინფორმაციო ტექნოლოგიები. | ||
| 653 | _aსალექციო კურსი | ||
| 653 | _aქსეროქსი | ||
| 942 | _cBK | ||
| 999 |
_c52813 _d52813 |
||